Middle Eastern Countries With A GDP Lower Than The UAE - Statistics

General Stats
  • This quiz has been taken 138 times
  • The average score is 11 of 12
Answer Stats
Country % Correct
Iraq
100%
Syria
99%
Yemen
98%
Bahrain
96%
Lebanon
96%
Oman
96%
Israel
93%
Jordan
92%
Qatar
91%
Kuwait
89%
Egypt
85%
Cyprus
61%
No matching quizzes found
Score Distribution
Percent of People with Each Score
Percentile by Number Answered
Your Score History
You have not taken this quiz